Régions et États de Birmanie sur une carte - Statistiques

Statistiques générales
  • Ce quiz a été pris 30 fois
  • Le résultat moyen est 5 sur 14
Réponses sur la Carte
Les réponses sont colorées sur une échelle allant du rouge au vert en fonction du pourcentage des utilisateurs qui les ont devinées à leur premier essai. Vous pouvez retrouver ces pourcentages ci-dessous.
 
Statistiques - réponses
Réponse % Correct
Yangon
81%
Mandalay
52%
Chin
41%
Kachin
41%
Môn
33%
Rakhine
30%
Shan
30%
Bago
26%
Karen
26%
Kayah
26%
Sagaing
26%
Tanintharyi
26%
Ayeyarwady
22%
Magway
22%
Aucun quiz correspondant
Distribution des résultats
% des personnes avec chaque résultat
Percentile par nombre de réponses
Votre historique - résultats
Vous n’avez pas pris ce quiz